| 000 | 00483cam a22001097a 4500 | ||
|---|---|---|---|
| 008 | 180718b1986 xxu||||| |||| 00| 0 eng d | ||
| 082 | _aY4037x5442 M278 | ||
| 245 |
_aManual of instructions on programme planning monitoring and enaluation: social forestry programmes _cby Horiculture and Social Forestry Department, Maharashtra |
||
| 260 |
_aBombay _bHoriculture and Social Forestry Department _c1986 |
||
| 300 | _a196p. | ||
| 700 | _aMaharashtra. Horiculture and Social Forestry Department | ||
| 999 |
_c499203 _d499203 |
||